000 00682cab a2200241 4500
001 ABS37870
008 090401t1987 xxu||||| |||| 00| 0 eng d
035 _a(Sirsi) u7284
041 _aeng
100 _aJones, I.
245 _aThreat or opportunity
260 _c1987
350 _a0
490 _aEstates Gazette
_v282(6337) 6 June 1987, 1208-1210(2)
520 _aExamines the implications for chartered surveyors of the development of single property investment schemes.
650 _aFINANCIAL SERVICES ACT 1986
650 _aRICS
650 _aUNITISATION
690 _aPROPERTY-COMMERCIAL PROPERTY
700 _aByers, D.
942 _n0
948 _c04/03/1997
999 _c4383
_d4383